Normal view
MARC view
Entry Personal Name
001 - CONTROL NUMBER
- control field: 24370
003 - CONTROL NUMBER IDENTIFIER
- control field: NUST
005 - DATE AND TIME OF LATEST TRANSACTION
- control field: 20191018111213.0
008 - FIXED-LENGTH DATA ELEMENTS
- fixed length control field: 191018|| aca||aabn | a|a d
040 ## - CATALOGING SOURCE
- Original cataloging agency: NUST
- Transcribing agency: NUST
100 ## - HEADING--PERSONAL NAME
- Personal name:
- General subdivision: Department of Computational Engineering
670 ## - SOURCE DATA FOUND
- Source citation: Work cat.: (NUST): Rehman Syed Rameez 24369, MS/Thesis:A Framework for Cardboard based Augmented Reality, 2018
